000 00439nam a2200181Ia 4500
001 16661
005 20260306170326.0
008 260306t2015||||xx |||||||||||||| ||und||
041 _aESP
082 _a349.1
_bCH248
100 _aChurruca, Juan de
_eAUT
245 0 _aIntroducción histórica al derecho romano
260 _c2015
300 _a318 páginas :
_c22 cm.
650 _aGEN
654 _aCDE
942 _cLIB
_dJUS
_fJUS
_2ddc
_n
999 _c16661
_d16661